Southville International School and Colleges
Your cart is empty.
  • Cart
  • Lists
    Public lists Eva Luna New books Lux_list list_1
    Your lists Log in to create your own lists
  • Log in to your account
  • Your cookies
  • Search history
Southville International School and Colleges
  • Advanced search
  • Recent comments
  • Most popular
  • Libraries

Log in to your account

Log in with GOOGLE


If you do not have an external account, but do have a local account, you can still log in:

  1. Home
  2. MARC view: Petty in pink :
Normal view MARC view ISBD view

Petty in pink : (Record no. 343604)

[ view plain ]
MARC details
000 -LEADER
fixed length control field 00520nam a2200217Ia 4500
008 - FIXED-LENGTH DATA ELEMENTS--GENERAL INFORMATION
fixed length control field 170918s9999 xx 000 0 und d
020 ## - INTERNATIONAL STANDARD BOOK NUMBER
International Standard Book Number 9780316065856
050 ## - LIBRARY OF CONGRESS CALL NUMBER
Item number M447pe 2009
100 ## - MAIN ENTRY--PERSONAL NAME
Personal name Maude, Rachel
245 ## - TITLE STATEMENT
Title Petty in pink :
245 ## - TITLE STATEMENT
Remainder of title a poseur novel /
245 ## - TITLE STATEMENT
Statement of responsibility, etc by Rachel Maude.
250 ## - EDITION STATEMENT
Edition statement First edition
260 ## - PUBLICATION, DISTRIBUTION, ETC. (IMPRINT)
Place of publication, distribution, etc New York :
260 ## - PUBLICATION, DISTRIBUTION, ETC. (IMPRINT)
Name of publisher, distributor, etc Poppy,
260 ## - PUBLICATION, DISTRIBUTION, ETC. (IMPRINT)
Date of publication, distribution, etc 2009
300 ## - PHYSICAL DESCRIPTION
Extent 223 pages :
300 ## - PHYSICAL DESCRIPTION
Other physical details illustrations ;
300 ## - PHYSICAL DESCRIPTION
Dimensions 20cm.
300 ## - PHYSICAL DESCRIPTION
Accompanying material The poseur collectiuon.
Holdings
Withdrawn status Lost status Damaged status Home library Current library Date acquired Total Checkouts Full call number Barcode Date last seen Price effective from Koha item type
      Stonyhurst Southville International School (Malarayat) Stonyhurst Southville International School (Malarayat) 09/18/2017   FIC M447pe 2009 SSISM2676 09/18/2017 09/18/2017 Books

Petty in pink :

APA

Maude R., .Petty in pink. New York: .

Chicago

Maude Rachel, .Petty in pink. New York: .

Harvard

Maude R., .Petty in pink. New York: .

MLA

Maude Rachel, .New York: . .

  • Place hold
  • Print
  • Cite
  • Add to your cart (remove)
  • Save record
    BIBTEX Dublin Core MARCXML MARC (non-Unicode/MARC-8) MARC (Unicode/UTF-8) MARC (Unicode/UTF-8, Standard) MODS (XML) RIS
  • More searches
    Search for this title in:
    Other Libraries (WorldCat) Other Databases (Google Scholar) Online Stores (Bookfinder.com) Open Library (openlibrary.org)

Exporting to Dublin Core...

SOUTHVILLE LIBRARY

Southville International School and Colleges Library

1281 Tropical Ave. Cor. Luxembourg St., BF Homes International, Las Pinas City

Tel. No. 8256374 / 252358 Loc. 117/146

Powered by Koha